00726nam a22001937a 450000500170000000800410001702000220005805000150008010000030009524500670009825000190016526000350018430000360021950000230025550001880027865000140046665000160048065000360049620231102151601.0130813t2012 M e |||| 00| 0 S d a978-607-09-0143-0 aKB333 P461010aDerecho notarialc / Bernardo Pérez Fernández del Castillo a18a edición. aMéxicob : Porrúac , 2012 axxxi, 461 páginas.c ; 24 cm. aEducación Mixta. aIncluye: índice general, bibliografía, ápendice general e índice de ejecutorias y jurisprudencia definida de la Suprema Corte de Justicia relacionadas con la actitud notarial.102CONTRATOS202TESTAMENTOS302NOTARIOSvLEYES Y LEGISLACIÓN